000 00418pab a2200157 454500
008 180718b2001 xxu||||| |||| 00| 0 eng d
100 _aLoftus, Jeni
245 _aAmerica's liberalization in attitudes towards homosexuality 1973 - 82
260 _c2001
300 _ap.762-82
362 _aOct
650 _aHomosexuality
650 _aSexual behaviour
773 _aAmerican Sociological Review
909 _a50942
999 _c50942
_d50942